Les champions par équipe de WWE RAW (post-draft de 2016) - Statistiques

Statistiques générales
  • Ce quiz a été pris 510 fois
  • Le résultat moyen est 11 sur 32
Statistiques - réponses
PPV/Show où le titre a été remporté Equipe % Correct
Smackdown (20 mai 2022) The Usos/Jey Uso & Jimmy Uso
89%
RAW (15 mars 2021) The New Day/Kofi Kingston & Xavier Woods
88%
RAW (12 octobre 2020) The New Day/Xavier Woods & Kofi Kingston
88%
Roadblock 2016 The Bar/Cesaro & Sheamus
58%
Extreme Rules 2017 The Bar/Cesaro & Sheamus
58%
RAW (6 novembre 2017) The Bar/Cesaro & Sheamus
58%
Royal Rumble 2018 The Bar/Cesaro & Sheamus
58%
Summerslam 2021 RK-Bro/Randy Orton & Matt Riddle
50%
RAW (7 mars 2022) RK-Bro/Randy Orton & Matt Riddle
50%
RAW (22 octobre 2018) Dean Ambrose & Seth Rollins
45%
Wrestlemania 33 The Hardy Boys/Matt Hardy & Jeff Hardy
45%
Summerslam 2017 Seth Rollins & Dean Ambrose
43%
RAW (2 mars 2020) The Street Profits/Angelo Dawkins & Montez Ford
39%
RAW (10 janvier 2022) Alpha Academy/Chad Gable & Otis
33%
RAW (11 février 2019) The Revival/Dash Wilder & Scott Dawson
27%
RAW (10 juin 2019) The Revival/Dash Wilder & Scott Dawson
27%
RAW (29 juillet 2019) The O.C/Luke Gallows & Karl Anderson
25%
Wrestlemania 37 AJ Styles & Omos
21%
RAW (14 octobre 2019) The Viking Raiders/Ivar & Erik
21%
RAW (5 novembre 2018) AOP/Akam & Rezar
20%
Wrestlemania 34 Braun Strowman & Nicholas
19%
TLC 2020 The Hurt Business/Cedric Alexander & Shelton Benjamin
17%
Extreme Rules 2018 The B-Team/Curtis Axel & Bo Dallas
16%
Greatest Royal Rumble 2018 The Deleters of Worlds/Bray Wyatt & Matt Hardy
13%
RAW (19 août 2019) Braun Strowman & Seth Rollins
12%
RAW (3 septembre 2018) Dolph Ziggler & Drew Mcintyre
12%
Clash of Champions 2019 Dolph Ziggler & Robert Roode
11%
RAW (25 Décembre 2017) Jason Jordan & Seth Rollins
11%
Royal Rumble 2017 Luke Gallows & Karl Anderson
11%
Wreslemania 35 Curt Hawkins & Zack Ryder
10%
RAW (10 décembre 2018) Bobby Roode & Chad Gable
7%
RAW (20 janvier 2020) Buddy Murphy & Seth Rollins
7%
Aucun quiz correspondant
Distribution des résultats
% des personnes avec chaque résultat
Percentile par nombre de réponses
Votre historique - résultats
Vous n’avez pas pris ce quiz